Principles of direct and database marketing

Na minha lista:
Detalhes bibliográficos
Autor principal: Tapp, Alan
Formato: Livro
Idioma:inglês
Publicado em: Harlow Prentice Hall 2005
Edição:3. ed.
Assuntos:
Tags: Adicionar Tag
Sem tags, seja o primeiro a adicionar uma tag!

MARC

LEADER 00000nam$a2200000$$$4500
001 0028792
005 20240312115934.0
020 |a 0-273-68355-1 
041 0 |a eng 
044 |a GB 
245 1 0 |a Principles of direct and database marketing  |c Alan Tapp 
250 |a 3. ed. 
264 1 |a Harlow  |b Prentice Hall  |c 2005 
300 |a 489 s. 
610 2 0 |a marketing priamy 
610 2 0 |a báza dát 
610 2 0 |a analýzy 
610 2 0 |a ciele podnikové 
610 2 0 |a stratégia marketingová 
610 2 0 |a internet 
610 2 0 |a kontrola 
610 2 0 |a médiá 
610 2 0 |a štúdie prípadové 
610 2 0 |a testy 
610 2 0 |a výskum 
610 2 0 |a rozpočty 
100 1 |a Tapp, Alan